|
|
|
|
| LEADER |
00000cam a2200000 4500 |
| 001 |
vtls012017790 |
| 003 |
SK-MaSNL |
| 005 |
20260301150446.0 |
| 008 |
210312s2020 xo ol frnp 001 0 slo |
| 015 |
|
|
|a SNBA2022/02
|
| 020 |
|
|
|a 9788055717555
|q (brožované)
|
| 040 |
|
|
|a SNK
|b slo
|c SNK
|e rda
|
| 041 |
0 |
|
|a slo
|
| 044 |
|
|
|a xo
|c SK
|
| 072 |
|
7 |
|a 316.4/.7
|x Sociálne interakcie
|2 konspekt
|
| 072 |
|
7 |
|a 37.016
|x Učebné osnovy. Vyučovacie predmety. Učebnice
|2 konspekt
|
| 080 |
|
|
|a 316.776.33
|2 2011
|
| 080 |
|
|
|a 316.77
|2 2011
|
| 080 |
|
|
|a 801.73
|2 2011
|
| 080 |
|
|
|a (075.8)
|2 2011
|
| 100 |
1 |
|
|a Klimová, Katarína,
|d 1975-
|4 aut
|9 223173
|
| 245 |
1 |
0 |
|a Na rozhraní komunikácie a persuázie
|b modely a stratégie odborného diskurzu
|c Katarína Klimová
|
| 250 |
|
|
|a Vydanie prvé
|
| 264 |
|
1 |
|a Banská Bystrica
|b Belianum
|c 2020
|
| 300 |
|
|
|a 163 strán
|b farebné fotografie, tabuľky
|c 25 cm
|
| 336 |
|
|
|a text
|b txt
|2 rdacontent
|
| 337 |
|
|
|a bez média
|b n
|2 rdamedia
|
| 338 |
|
|
|a zväzok
|b nc
|2 rdacarrier
|
| 366 |
|
|
|e 110 kusov
|
| 490 |
1 |
|
|a Filozofická fakulta
|
| 500 |
|
|
|a Obsahuje poznámky
|
| 500 |
|
|
|a Obsahuje zoznam schém a obrázkov
|
| 504 |
|
|
|a Bibliografia na strane 129-148. Bibliografické odkazy. Menný register
|
| 650 |
0 |
7 |
|a komunikácia
|2 SNKPH
|9 1362
|
| 650 |
0 |
7 |
|a persuázia
|2 SNKPH
|9 4969
|
| 650 |
0 |
7 |
|a diskurzívna analýza
|2 SNKPH
|9 101386
|
| 650 |
0 |
7 |
|a Persuasion
|2 SNKPHeng
|9 334473
|
| 650 |
0 |
7 |
|a Communication
|2 SNKPHeng
|9 265705
|
| 650 |
0 |
7 |
|a Discourse analysis
|2 SNKPHeng
|9 335690
|
| 655 |
|
7 |
|a učebnice vysokých škôl
|2 SNKPH
|9 70191
|
| 655 |
|
7 |
|a Textbooks (higher)
|2 SNKPHeng
|9 276436
|
| 710 |
2 |
|
|a Univerzita Mateja Bela v Banskej Bystrici.
|b Filozofická fakulta
|4 pbl
|9 133058
|
| 810 |
2 |
|
|a Univerzita Mateja Bela v Banskej Bystrici.
|b Filozofická fakulta
|t Filozofická fakulta
|9 368528
|
| 919 |
|
|
|a 978-80-557-1755-5
|
| 958 |
|
|
|a NB
|
| 999 |
|
|
|c 783600
|d 785530
|
| 952 |
|
|
|a SNK
|b SNK
|y PREZ
|7 0
|p 17A1455929
|o snkSC 193429
|i snk2021/9028
|8 0
|0 0
|1 0
|4 0
|d 2021-07-22
|f 1
|l 0
|r 2025-10-10 00:00:00
|w 2026-02-24
|
| 952 |
|
|
|a SNK
|b SNK
|y VYP
|7 0
|p 17A1455930
|o snkSC 193429 D1
|i snk2021/9029
|8 0
|0 0
|1 0
|4 0
|d 2021-07-22
|l 0
|r 2026-02-24 01:12:01
|w 2026-02-24
|